[Event "4th Penang Heritage City Open"]
[Site "Penang MAS"]
[Date "2012.12.15"]
[Round "9.22"]
[White "Nik,N"]
[Black "Trenseno,Felica"]
[Result "1-0"]
[WhiteElo "2071"]
[BlackElo "1992"]

1.e4 e5 2.Nf3 Nc6 3.Bb5 a6 4.Ba4 Nf6 5.O-O Be7 6.Re1 b5 7.Bb3 d6 8.c3 O-O
9.h3 Nb8 10.d4 Nbd7 11.Nbd2 Bb7 12.Bc2 Re8 13.Nf1 Bf8 14.Ng3 c5 15.d5 c4
16.Be3 Qc7 17.Bg5 h6 18.Be3 g6 19.Qd2 Kh7 20.Nh2 Bg7 21.Ng4 Nxg4 22.hxg4 Nc5
23.f3 Rh8 24.Kf2 Kg8 25.Rh1 g5 26.b4 cxb3 27.axb3 f6 28.c4 bxc4 29.bxc4 Kf7
30.Qa5 Qc8 31.Nf5 Bf8 32.Qb6 Qd7 33.Bxc5 dxc5 34.Ba4 Qc8 35.Rab1 Bxd5 36.exd5 Kg6
37.Bc2 Kf7 38.Be4 a5 39.Qe6+  1-0

[Event "19th Zadar Open A"]
[Site "Zadar CRO"]
[Date "2012.12.19"]
[Round "5.11"]
[White "Videnova,I"]
[Black "Schachinger,M"]
[Result "0-1"]
[WhiteElo "2336"]
[BlackElo "2426"]

1.e4 e5 2.Nf3 Nc6 3.Bb5 a6 4.Ba4 Nf6 5.O-O Be7 6.Re1 b5 7.Bb3 d6 8.c3 O-O
9.h3 Nb8 10.d4 Nbd7 11.Nbd2 Bb7 12.Bc2 Re8 13.Nf1 Bf8 14.Ng3 g6 15.a4 c6
16.Bg5 h6 17.Be3 Bg7 18.Qd2 Kh7 19.Bd3 Qc7 20.Nh4 d5 21.Nhf5 gxf5 22.Nxf5 Ng8
23.exd5 e4 24.Bf4 Qd8 25.Rxe4 Rxe4 26.Bxe4 Ndf6 27.Bc2 Kh8 28.d6 Nd5 29.Bxh6 Nxh6
30.Nxh6 Qf6 31.Nf5 Bc8 32.Qd3 Bxf5 33.Qxf5 Qxf5 34.Bxf5 Rd8 35.axb5 axb5
36.Ra6 Bf8 37.Rxc6 Bxd6 38.Bd3 b4 39.c4 Nf4 40.Bf1 Ne6 41.c5 Bf8 42.Rb6 Rxd4
43.c6 Rd2 44.Rb7 Rxb2 45.Bc4 Rc2 46.Bd5 Rc5 47.Rd7 Nf4 48.Bf3 Kg8 49.h4 Ng6
50.c7 Rc1+ 51.Bd1 Nf4 52.Kh2 Ne6 53.Bb3 Rxc7 54.Rd1 Rc3 55.Rb1 Nd4 56.Bd5 b3
57.Bxb3 Nxb3 58.Rd1 Nc5 59.Rd5 Ne6 60.g3 Rc2 61.Kg2 Bc5 62.Rf5 Kg7 63.g4 Bd4
64.Rf3 Nc5 65.Rf4 Rd2 66.Kf1 Ne6 67.Rf5 Bb6 68.h5 Rxf2+ 69.Rxf2 Bxf2 70.Kxf2 Kh6
71.Kg3 Kg5 72.Kf3 Nf8 73.Ke4 Kxg4 74.Ke5 Nh7  0-1

[Event "23rd Metropolitan GM"]
[Site "Los Angeles USA"]
[Date "2012.12.20"]
[Round "2"]
[White "Khachiyan,M"]
[Black "Chibukhchian,A"]
[Result "1/2-1/2"]
[WhiteElo "2479"]
[BlackElo "2448"]

1.e4 e5 2.Nf3 Nc6 3.Bb5 a6 4.Ba4 Nf6 5.O-O Be7 6.Re1 b5 7.Bb3 O-O 8.h3 d6
9.c3 Nb8 10.d3 Nbd7 11.Nbd2 Bb7 12.Nf1 Re8 13.Ng5 Rf8 14.Nf3 Re8 15.Ng5 Rf8
16.Nf3  1/2-1/2

[Event "ALG-TUR Women 2012"]
[Site "Algiers ALG"]
[Date "2012.12.23"]
[Round "1.4"]
[White "Menzi,N"]
[Black "Yahiaoui,Asma"]
[Result "1-0"]
[WhiteElo "1858"]
[BlackElo "1571"]

1.e4 e5 2.Nf3 Nc6 3.Bb5 a6 4.Ba4 Nf6 5.O-O Be7 6.Re1 b5 7.Bb3 O-O 8.c3 d6
9.h3 Nb8 10.d4 Nbd7 11.Nbd2 Bb7 12.Bc2 Re8 13.Nf1 Bf8 14.Ng3 h6 15.b3 c5
16.Bb2 Qc7 17.Qd2 Rac8 18.Rac1 c4 19.bxc4 bxc4 20.Ba3 exd4 21.Nxd4 d5 22.Bxf8 Rxf8
23.Ndf5 Rcd8 24.Nxg7 Nxe4 25.Qxh6 Qc6 26.Qxc6 Bxc6 27.N7f5 Rde8 28.Nxe4 dxe4
29.Nd6 Re6 30.Nxc4 Bd5 31.Bb3 Nc5 32.Rcd1 Nd3 33.Re2 Rc8 34.Nd2 Bxb3 35.axb3 Rxc3
36.Nxe4 Rxb3 37.Re3 Nb2 38.Rd8+ Kg7 39.Rxb3  1-0

[Event "ALG-TUR Women 2012"]
[Site "Algiers ALG"]
[Date "2012.12.26"]
[Round "4.1"]
[White "Menzi,N"]
[Black "Abdi,Zineb Dina"]
[Result "1/2-1/2"]
[WhiteElo "1858"]
[BlackElo "1902"]

1.e4 e5 2.Nf3 Nc6 3.Bb5 a6 4.Ba4 Nf6 5.O-O b5 6.Bb3 Be7 7.Re1 O-O 8.c3 d6
9.h3 Nb8 10.d4 Nbd7 11.Nbd2 Bb7 12.Bc2 Re8 13.Nf1 Bf8 14.Ng3 g6 15.b3 c5
16.Bb2 Qc7 17.Qd2 Rac8 18.Rac1 Nb6 19.Bd3 c4 20.Bb1 a5 21.Ba3 Bg7 22.dxe5 dxe5
23.Bd6 Qd7 24.Rcd1 cxb3 25.axb3 Qc6 26.Bxe5 a4 27.Qf4 Nfd7 28.Bxg7 Kxg7 29.Nd4 Qc5
30.b4 Qe5 31.Qxe5+ Rxe5 32.f4 Re7 33.Nxb5 Ba6 34.Bd3 Bxb5 35.Bxb5 Rxc3 36.Rd3 Rxd3
37.Bxd3 Nd5 38.Bc2 N7b6 39.f5 Nxb4 40.e5 f6 41.exf6+ Kxf6 42.Rxe7 Kxe7 43.fxg6 hxg6
44.Bxg6 a3 45.Bb1  1/2-1/2

[Event "11th Parsvnath Open"]
[Site "New Delhi IND"]
[Date "2013.01.06"]
[Round "3.23"]
[White "Vaibhav,S"]
[Black "Swathi,G"]
[Result "1-0"]
[WhiteElo "2503"]
[BlackElo "2254"]

1.e4 e5 2.Nf3 Nc6 3.Bb5 a6 4.Ba4 Nf6 5.O-O Be7 6.Re1 b5 7.Bb3 d6 8.c3 O-O
9.h3 Nb8 10.d4 Nbd7 11.Nbd2 Bb7 12.a4 c5 13.Bc2 Re8 14.d5 c4 15.b3 Rc8 16.bxc4 bxc4
17.a5 g6 18.Qe2 Qc7 19.Nf1 Nh5 20.g3 Bf8 21.Ne3 Bh6 22.Nd2 Bxe3 23.Qxe3 Ng7
24.Rb1 Ba8 25.Ba4 Rf8 26.Nxc4 Nc5 27.Bc2 Nxe4 28.Bxe4 Qxc4 29.Rd1 Qa4 30.Bd2 Qxa5
31.Qb6 Qa4 32.Bg2 e4 33.Bf4 Rxc3 34.Qxd6 Rd3 35.Rxd3 exd3 36.Rb8 Re8 37.Rxe8+ Qxe8
38.Qxa6 Nh5 39.Bd2 Qd8 40.Qxd3 Ng7 41.Bc3 Ne8 42.Qd4 f6 43.Qc5 Nd6 44.Ba5  1-0

[Event "11th Parsvnath Open"]
[Site "New Delhi IND"]
[Date "2013.01.06"]
[Round "3.11"]
[White "Wan Yunguo"]
[Black "Ziatdinov,R"]
[Result "0-1"]
[WhiteElo "2497"]
[BlackElo "2354"]

1.e4 e5 2.Nf3 Nc6 3.Bb5 a6 4.Ba4 Nf6 5.O-O Be7 6.Re1 b5 7.Bb3 d6 8.c3 O-O
9.h3 Nb8 10.d4 Nbd7 11.Nbd2 Bb7 12.Bc2 Re8 13.Nf1 Bf8 14.Ng3 g6 15.b3 c6
16.Bg5 h6 17.Be3 Qc7 18.Qd2 Kh7 19.a4 Rad8 20.h4 Ng4 21.h5 Bg7 22.axb5 cxb5
23.Rec1 Ndf6 24.d5 Nxe3 25.Qxe3 Qe7 26.c4 bxc4 27.bxc4 Rc8 28.Ba4 Rg8 29.Rab1 Rc5
30.hxg6+ fxg6 31.Nxe5 Bc8 32.Nc6 Rxc6 33.dxc6 Ng4 34.Qd2 Rf8 35.f3 Ne5 36.f4 Ng4
37.f5 Qe5 38.Rb3 Qc5+ 39.Kh1 Nf2+ 40.Kh2 Be5 41.Qd5 Nxe4 42.Qxc5 Nxc5 43.Rf3 Nxa4
44.fxg6+ Kg7 45.Rxf8 Kxf8 46.Rb1 Kg7 47.Rb8 Bg4 48.c7 h5 49.c8=Q Bxc8 50.Rxc8 h4
51.Kh3 hxg3 52.Kg4 Kxg6 53.Ra8 Nc5 54.Ra7 Kf6 55.Kf3 Ke6 56.Ke3 Bc3 57.Kf3 Be1
58.Ke2 Bf2 59.Ra8 Ke5 60.Kf3 Kd4 61.Rd8 Kxc4 62.Rxd6 a5  0-1

[Event "11th Parsvnath Open"]
[Site "New Delhi IND"]
[Date "2013.01.07"]
[Round "4.34"]
[White "Raghavi,N"]
[Black "Swayams,M"]
[Result "0-1"]
[WhiteElo "2098"]
[BlackElo "2431"]

1.e4 e5 2.Nf3 Nc6 3.Bb5 a6 4.Ba4 Nf6 5.O-O Be7 6.Re1 b5 7.Bb3 d6 8.c3 O-O
9.h3 Nb8 10.d4 Nbd7 11.Nbd2 Bb7 12.Bc2 Re8 13.a4 Bf8 14.Bd3 c6 15.b3 Qc7
16.Bb2 g6 17.Qc2 Bg7 18.c4 bxa4 19.c5 axb3 20.Nxb3 d5 21.dxe5 Nxe4 22.Bxe4 dxe4
23.Rxe4 Nf8 24.Na5 Bc8 25.Rb4 Bf5 26.Qa4 Nd7 27.Rb7 Qc8 28.Qb4 Nxe5 29.Nxe5 Bxe5
30.Nc4 Bxb2 31.Qxb2 Re2 32.Qxe2 Qxb7 33.Nd6 Qb3 34.Nxf5 gxf5 35.Rxa6 Qb1+
36.Kh2 Rxa6 37.Qxa6 Qe4 38.Qc8+ Kg7 39.Qc7 Kf6 40.f4 Qd5 41.Qb6 Qe6 42.Qb4 Qe4
43.Qb2+ Ke7 44.Qb7+ Kf6 45.Qc7 Qd5 46.Qb6 Kg6 47.Qb4 Qe4 48.Qd2 h6 49.Kg3 Qe7
50.Qd4 Qe1+ 51.Kf3 Qf1+ 52.Kg3 f6 53.Qd6 Qe1+ 54.Kf3 Qe4+ 55.Kg3 h5 56.Qd2 Qe7
57.Qc3 Qe2 58.Qf3 Qe1+ 59.Kh2 Qe4 60.Kg3 Qe1+ 61.Kh2 Qe4 62.Kg3 Kh6 63.Qf2 Qd3+
64.Qf3 Qb5 65.Qe3 Qc4 66.Kf2 h4 67.g3 Qc2+ 68.Kf3 Qh2 69.gxh4 Qxh3+ 70.Ke2 Qxe3+
71.Kxe3 Kh5 72.Kf2 Kxh4 73.Kf3 Kh3 74.Kf2 Kg4  0-1

[Event "ch-BLR w 2013"]
[Site "Minsk BLR"]
[Date "2013.01.12"]
[Round "3.4"]
[White "Stetsko,L"]
[Black "Nevioselaya,M"]
[Result "0-1"]
[WhiteElo "2203"]
[BlackElo "2065"]

1.e4 e5 2.Nf3 Nc6 3.Bb5 a6 4.Ba4 Nf6 5.O-O b5 6.Bb3 Be7 7.Re1 d6 8.c3 O-O
9.h3 Nb8 10.d4 Nbd7 11.Nbd2 Bb7 12.Bc2 Re8 13.a4 c5 14.d5 c4 15.Nf1 Nc5 16.Ng3 g6
17.Bh6 Nfd7 18.Qd2 bxa4 19.Bxa4 Nxa4 20.Rxa4 a5 21.Be3 Qc7 22.Nh2 Nc5 23.Bxc5 Qxc5
24.Ng4 Bc8 25.Nh6+ Kg7 26.Kh2 Qc7 27.Nhf5+ gxf5 28.exf5 Kh8 29.Re4 Ba6 30.Nh5 Qd7
31.Qh6 Rg8 32.Nf6 Bxf6 33.Qxf6+ Rg7 34.Rg4 Rg8 35.Rxa5 Bc8 36.Ra8 Qxf5 37.Qxd6 Qf4+
38.Kg1 Bxg4 39.Rxg8+ Rxg8 40.hxg4 Rxg4 41.g3 Kg7 42.Qe7 Qg5 43.d6 Qf6 44.Qc7 Re4
45.d7 Qf3  0-1

[Event "Australian Open 2013"]
[Site "Cammeray AUS"]
[Date "2013.01.13"]
[Round "11.18"]
[White "Kordahi,N"]
[Black "Luchtmeijer,A"]
[Result "0-1"]
[WhiteElo "1945"]
[BlackElo "2108"]

1.e4 e5 2.Nf3 Nc6 3.Bb5 a6 4.Ba4 Nf6 5.O-O Be7 6.Re1 b5 7.Bb3 d6 8.c3 O-O
9.h3 Nb8 10.d4 Nbd7 11.Nbd2 Bb7 12.Bc2 Re8 13.Nf1 Bf8 14.Ng3 g6 15.b3 c6
16.Nh2 Bg7 17.Ba3 c5 18.d5 Nb6 19.Bc1 Qc7 20.Be3 Rec8 21.Ng4 Nxg4 22.Qxg4 Rf8
23.h4 Bc8 24.Qf3 h5 25.Nf1 Nd7 26.Bg5 f6 27.Bd2 Nb6 28.Qg3 Kh7 29.f4 Qf7
30.fxe5 fxe5 31.Be3 Qc7 32.Bf2 Nd7 33.c4 Rf7 34.a3 Bf8 35.Nd2  0-1

[Event "Australian Open 2013"]
[Site "Cammeray AUS"]
[Date "2013.01.13"]
[Round "11.11"]
[White "Choong,Y"]
[Black "Li,Zuhao Luke"]
[Result "1-0"]
[WhiteElo "2161"]
[BlackElo "2261"]

1.e4 e5 2.Nf3 Nc6 3.Bb5 a6 4.Ba4 Nf6 5.O-O Be7 6.Re1 b5 7.Bb3 d6 8.c3 O-O
9.h3 Nb8 10.d4 Nbd7 11.Nbd2 Bb7 12.a4 c5 13.Bc2 Re8 14.Nf1 Bf8 15.d5 c4 16.Kh2 Qc7
17.g4 g6 18.Ng3 Nc5 19.Rg1 Reb8 20.g5 Nfd7 21.Nh4 Bg7 22.Ngf5 Bf8 23.Nh6+ Bxh6
24.gxh6 Bc8 25.Qf3 b4 26.Nf5 Kf8 27.Rxg6 fxg6 28.Nxd6+ Ke7 29.Qf7+ Kxd6 30.Bg5 Nf6
31.Qxf6+ Be6 32.f4 b3 33.Bd1 Re8 34.Qxe5+ Kd7 35.dxe6+ Nxe6 36.Qd5+ Qd6 37.Bg4 Kc7
38.Qxc4+ Qc6 39.Qxc6+ Kxc6 40.Bxe6 Rxe6 41.e5 Ra7 42.Kg3 Rd7 43.Ra3 Rb7 44.Kf3 Kd5
45.Ra1 Rc6 46.Rd1+ Ke6 47.Ke4 Rc4+ 48.Rd4 Rxd4+ 49.cxd4 Rb4 50.h4 Rxa4 51.h5 gxh5
52.f5+ Kd7 53.e6+ Kd6 54.Bf4+ Ke7 55.Ke5 Rb4 56.f6+ Kf8 57.f7  1-0

[Event "Prague Open A 2013"]
[Site "Prague CZE"]
[Date "2013.01.13"]
[Round "6.6"]
[White "Matsenko,S"]
[Black "Nemcova,Kat"]
[Result "1/2-1/2"]
[WhiteElo "2460"]
[BlackElo "2357"]

1.e4 e5 2.Nf3 Nc6 3.Bb5 a6 4.Ba4 Nf6 5.O-O Be7 6.Re1 b5 7.Bb3 O-O 8.h3 d6
9.c3 Nb8 10.d4 Nbd7 11.Nbd2 Bb7 12.Bc2 Re8 13.Nf1 Bf8 14.Ng3 g6 15.a4 c6
16.b3 Qc7 17.Ba3 c5 18.Bd3 Qb6 19.d5 Bh6 20.Qe2 Bf4 21.Nf1 Bxd5 22.exd5 e4
23.Bc2 exf3 24.Qxf3 Be5 25.Rad1  1/2-1/2

[Event "ch-BLR w 2013"]
[Site "Minsk BLR"]
[Date "2013.01.15"]
[Round "6.4"]
[White "Ziaziulkina,N"]
[Black "Stetsko,L"]
[Result "1/2-1/2"]
[WhiteElo "2364"]
[BlackElo "2203"]

1.e4 e5 2.Nf3 Nc6 3.Bb5 a6 4.Ba4 Nf6 5.O-O Be7 6.Re1 b5 7.Bb3 d6 8.c3 O-O
9.h3 Nb8 10.d4 Nbd7 11.Nbd2 Bb7 12.Bc2 Re8 13.Nf1 Bf8 14.Bg5 h6 15.Bh4 c6
16.Ne3 Qc7 17.dxe5 dxe5 18.Nh2 g6 19.Nhg4 Bg7 20.Qf3 Nxg4 21.hxg4 Nc5 22.Rad1 Ne6
23.Rd2 Ng5 24.Bxg5 hxg5 25.Red1 Rad8 26.Bb3 Rxd2 27.Rxd2 Bc8 28.Nc2 Be6 29.Bxe6 Rxe6
30.Qd1 Bf8 31.Nb4 a5 32.Rd7 Qb6 33.Nc2  1/2-1/2

[Event "5th Chennai Open 2013"]
[Site "Chennai IND"]
[Date "2013.01.19"]
[Round "4"]
[White "Vasantha Ruba,V"]
[Black "Vijayalakshmi,S"]
[Result "1-0"]
[WhiteElo "2045"]
[BlackElo "2393"]

1.e4 e5 2.Nf3 Nc6 3.Bb5 a6 4.Ba4 Nf6 5.O-O Be7 6.Re1 b5 7.Bb3 d6 8.c3 O-O
9.h3 Nb8 10.d4 Nbd7 11.Nbd2 Bb7 12.a4 c5 13.d5 c4 14.Bc2 Nc5 15.axb5 axb5
16.Rxa8 Qxa8 17.Nf1 Nfd7 18.Ng3 g6 19.Nh2 Nb6 20.f4 Qa2 21.f5 Bc8 22.Rf1 f6
23.Ng4 Nba4 24.Qd2 g5 25.h4 gxh4 26.Nh5 Nd7 27.Nh6+ Kh8 28.Qe2  1-0

[Event "5th Chennai Open 2013"]
[Site "Chennai IND"]
[Date "2013.01.19"]
[Round "4"]
[White "Bala Kannamma,P"]
[Black "Babu,NS"]
[Result "1/2-1/2"]
[WhiteElo "2012"]
[BlackElo "2261"]

1.e4 e5 2.Nf3 Nc6 3.Bb5 a6 4.Ba4 Nf6 5.O-O Be7 6.Re1 b5 7.Bb3 d6 8.c3 O-O
9.h3 Nb8 10.d4 Nbd7 11.Nbd2 Bb7 12.Bc2 Re8 13.Nf1 Bf8 14.Ng3 g6 15.a4 Bg7
16.Bd3 exd4 17.cxd4 Rb8 18.Bf4 Ba8 19.axb5 axb5 20.b4 Nf8 21.Qc2 c6 22.Ra3 Bb7
23.Ra7 Ne6 24.Be3 Nd7 25.Qb3 Qb6 26.d5 Nd4 27.Nxd4 Bxd4 28.Bxd4 Qxd4 29.Rxb7 Rxb7
30.dxc6 Ne5 31.cxb7 Nxd3 32.Re3 Ne5 33.Ne2 Qb6 34.Qd5 Rb8 35.Rc3 Nc4 36.Nd4 Qxb7
37.Qxb7 Rxb7 38.Nxb5 Nd2 39.Nxd6 Rxb4 40.f3 f6 41.Rc8+ Kg7 42.Rc7+ Kg8 43.Rf7 Rb1+
44.Kf2 Rb2 45.Kg3 Nf1+ 46.Kf4 Rxg2 47.Rxf6 Ng3 48.Re6 Nh5+ 49.Ke3 Ra2 50.Re8+ Kg7
51.Re7+ Kf6 52.Rxh7 Ra3+ 53.Kd4 Ke6 54.Nf7 Ra4+ 55.Ke3 Ra3+ 56.Kd4 Ra4+ 57.Kc5 Kf6
58.h4 Nf4 59.Ng5 Ng2 60.Rf7+ Ke5 61.Re7+ Kf4 62.Rf7+ Kg3 63.e5 Nxh4 64.Ne4+ Kg2
65.e6 Nf5 66.e7 Nxe7  1/2-1/2

[Event "Paul Keres Mem FIDE 2013"]
[Site "Tallin EST"]
[Date "2013.01.19"]
[Round "9.5"]
[White "Haavamae,Henrik"]
[Black "Fedoseeva,V"]
[Result "1/2-1/2"]
[WhiteElo "1977"]
[BlackElo "1930"]

1.e4 e5 2.Nf3 Nc6 3.Bb5 a6 4.Ba4 Nf6 5.O-O Be7 6.Re1 b5 7.Bb3 O-O 8.c3 d6
9.h3 Nb8 10.d4 Nbd7 11.Nbd2 Bb7 12.Bc2 Re8 13.Nf1 Bf8 14.Ng3 g6 15.b3 Bg7
16.d5 Rc8 17.c4 c6 18.dxc6 Rxc6 19.cxb5 axb5 20.Bd3 b4 21.Bb5 Rb6 22.Qd3 Nc5
23.Qc4 Re7 24.Be3 Rc7 25.Qxb4 Ba6 26.a4 Qb8 27.Qc4 Bxb5 28.axb5 Rxb5 29.Ra8 Qxa8
30.Qxb5 Ncxe4 31.Nxe4 Nxe4 32.Kh2 Nc5 33.Ra1 Qd8 34.b4 Rb7 35.Qa5 Qxa5 36.Rxa5 Rxb4
37.Ra8+ Bf8 38.Nxe5 Ra4 39.Rc8 g5 40.Bxc5 Kg7 41.Nd7 dxc5 42.Nxf8 Rd4 43.Rxc5 Kxf8
44.Rxg5 f6 45.Rg4 Rd2 46.Kg3 Kf7 47.Ra4 Rb2 48.f4 Kg6 49.Kf3 h5 50.Ra5 Rb3+
51.Kf2 Rc3 52.Ra2 Rb3 53.Re2 Kf5 54.g3 h4  1/2-1/2

[Event "Kislovodsk Open 2013"]
[Site "Kislovodsk RUS"]
[Date "2013.01.21"]
[Round "7"]
[White "Bimiev,Ahmad"]
[Black "Sakhvadze,G"]
[Result "1/2-1/2"]
[WhiteElo "1924"]
[BlackElo "2119"]

1.e4 e5 2.Nf3 Nc6 3.Bb5 a6 4.Ba4 Nf6 5.O-O b5 6.Bb3 Be7 7.Re1 d6 8.c3 O-O
9.h3 Nb8 10.d4 Nbd7 11.Bg5 c5 12.dxe5 dxe5 13.Nbd2 c4 14.Bc2 Qc7 15.Qe2 Nc5
16.Nf1 Bb7 17.Bxf6 Bxf6 18.Rad1 Rad8 19.Ne3 Nd3 20.Bxd3 cxd3 21.Rxd3 Bxe4
22.Rxd8 Rxd8 23.Ng4 Bxf3 24.Qxf3 Qd6 25.Qe4 h5 26.Nxe5 Bxe5 27.Qxe5 Qxe5
28.Rxe5 Rd1+ 29.Kh2 Rd2 30.b4 Rxa2 31.Rxh5 Rxf2 32.Rc5 f6 33.Kg3 Ra2 34.Rc7 Kh7
35.Kf3 Kg6 36.g3 Rd2 37.Ke3 Rg2 38.Kf3 Rd2 39.Ke3 Rg2 40.Kf3  1/2-1/2

[Event "5th Chennai Open 2013"]
[Site "Chennai IND"]
[Date "2013.01.23"]
[Round "11"]
[White "Padmini,R"]
[Black "Kayumov,D"]
[Result "1-0"]
[WhiteElo "2288"]
[BlackElo "2415"]

1.e4 e5 2.Nf3 Nc6 3.Bb5 a6 4.Ba4 Nf6 5.O-O Be7 6.Re1 b5 7.Bb3 d6 8.c3 O-O
9.h3 Nb8 10.d4 Nbd7 11.Nbd2 Bb7 12.Bc2 Re8 13.Nf1 Bf8 14.Ng3 c6 15.Be3 Qc7
16.Nd2 d5 17.dxe5 Nxe5 18.f4 Nc4 19.Nxc4 dxc4 20.e5 Nd5 21.Qf3 Nxe3 22.Qxe3 c5
23.Rad1 Rad8 24.Be4 Bxe4 25.Nxe4 h6 26.Nf2 Be7 27.g3 Rxd1 28.Rxd1 Rd8 29.Rxd8+ Qxd8
30.h4 Qd5 31.Kf1 Bf8 32.Ke2 Qg2 33.e6 Be7 34.exf7+ Kxf7 35.Qf3 Qh2 36.Qd5+ Kf8
37.Kf3 g5 38.Qf5+ Kg7 39.Qe6 Bf8 40.fxg5 hxg5 41.Qe5+ Kf7 42.Qxg5 Qg1 43.Qd5+ Ke8
44.Qd1  1-0

[Event "ch-TUR 2013"]
[Site "Antalya TUR"]
[Date "2013.02.03"]
[Round "2.62"]
[White "Gok,Ozan Berkay"]
[Black "Zor,Alber Kadir"]
[Result "0-1"]
[WhiteElo "1761"]
[BlackElo "1920"]

1.e4 e5 2.Nf3 Nc6 3.Bb5 a6 4.Ba4 Nf6 5.O-O Be7 6.Re1 b5 7.Bb3 d6 8.c3 O-O
9.h3 Nb8 10.d4 Nbd7 11.Nbd2 Bb7 12.Bc2 Re8 13.Nf1 Bf8 14.Ng3 g6 15.Nh2 c5
16.d5 c4 17.f4 exf4 18.Bxf4 Ne5 19.Nf3 Nfd7 20.Rf1 Bg7 21.Be3 Qc7 22.Nxe5 Bxe5
23.Qf3 Nc5 24.Bf4 Bxf4 25.Qxf4 Re5 26.Qf6 Qe7 27.Qxe7 Rxe7 28.Rf6 Rd7 29.Raf1 Re8
30.R6f2 h5 31.h4 a5 32.a3 Ba6 33.Ra1 Rb8 34.Ne2 b4 35.axb4 axb4 36.Nd4 b3
37.Bb1 Bb7 38.Ra7 Ba6 39.Rxd7 Nxd7 40.Nc6 Ra8 41.g3 Bb7 42.Nb4 Ra1 43.Rf1 Nc5
44.Nc6 Bxc6 45.dxc6 Ra6 46.c7 Rc6 47.Rd1 Rxc7 48.Rxd6 Ra7 49.Rd1 Ra1 50.Kg2 Kg7
51.Rf1 Na4 52.e5 Nxb2 53.Be4 Rxf1 54.Kxf1 Nd1  0-1

[Event "ch-TUR 2013"]
[Site "Antalya TUR"]
[Date "2013.02.03"]
[Round "3.7"]
[White "Sanal,V"]
[Black "Gurel,A"]
[Result "1-0"]
[WhiteElo "2399"]
[BlackElo "1995"]

1.e4 e5 2.Nf3 Nc6 3.Bb5 a6 4.Ba4 Nf6 5.O-O b5 6.Bb3 Be7 7.Re1 d6 8.c3 O-O
9.h3 Nb8 10.d4 Nbd7 11.Nbd2 Bb7 12.Bc2 Re8 13.a4 Bf8 14.b3 c6 15.Bb2 Qc7
16.Bd3 g6 17.Qc2 Bg7 18.Rad1 d5 19.dxe5 Nxe4 20.Bxe4 dxe4 21.Nxe4 Nxe5 22.Nxe5 Qxe5
23.Re3 Qf5 24.Qe2 Kh8 25.Nc5 Rxe3 26.Qxe3  1-0

[Event "ch-TUR 2013"]
[Site "Antalya TUR"]
[Date "2013.02.05"]
[Round "5.46"]
[White "Sari,Yasin"]
[Black "Karatas,Kursat"]
[Result "1-0"]
[WhiteElo "1934"]
[BlackElo "1799"]

1.e4 e5 2.Nf3 Nc6 3.Bb5 a6 4.Ba4 Nf6 5.O-O Be7 6.Re1 b5 7.Bb3 O-O 8.h3 d6
9.c3 Nb8 10.d4 Nbd7 11.Nbd2 Re8 12.Bxf7+ Kh8 13.Bxe8 Qxe8 14.Nf1 Bb7 15.Ng3 Qg8
16.a4 Rb8 17.axb5 axb5 18.Bg5 Qf7 19.Ra7 h6 20.Bxf6 Bxf6 21.Qe2 Bd8 22.dxe5 dxe5
23.Qxb5 Bxe4 24.Nxe5 Nxe5 25.Qxb8 Nc6 26.Qa8 Bd5 27.Ra6 Qd7 28.c4 Nb4 29.cxd5  1-0

[Event "Asian Zonal 3.2 2013"]
[Site "Thulhiriya City PHI"]
[Date "2013.02.05"]
[Round "5.13"]
[White "Hapuarachchi,H"]
[Black "Thrimavitharana,R"]
[Result "0-1"]
[WhiteElo "2004"]
[BlackElo "1940"]

1.e4 e5 2.Nf3 Nc6 3.Bb5 a6 4.Ba4 Nf6 5.O-O Be7 6.Re1 b5 7.Bb3 d6 8.c3 O-O
9.h3 Nb8 10.d3 Nbd7 11.Nbd2 Nb6 12.Nf1 c5 13.Bc2 Re8 14.Ng3 Qc7 15.Nh2 d5
16.Ng4 dxe4 17.dxe4 Nxg4 18.hxg4 Qd7 19.Nf5 Qxd1 20.Bxd1 Bxf5 21.gxf5 a5
22.f4 Bh4 23.Re2 exf4 24.Bxf4 Nc4 25.Bb3 Ne5 26.Rd1 c4 27.Bc2 Bf6 28.Rd5 b4
29.Ba4 Re7 30.Bb5 bxc3 31.bxc3 g5 32.Bxe5 Bxe5 33.Bxc4 Rc8 34.Bb3 Rxc3 35.Rxa5 Bd4+
36.Kh2 Be5+ 37.Kg1 Bd4+ 38.Kh2 Be5+ 39.Kg1 Bd4+ 40.Kf1 Rc1+ 41.Re1  0-1

[Event "ch-TUR 2013"]
[Site "Antalya TUR"]
[Date "2013.02.08"]
[Round "10.5"]
[White "Ali Marandi,C"]
[Black "Guven,B"]
[Result "1-0"]
[WhiteElo "2369"]
[BlackElo "2056"]

1.e4 e5 2.Nf3 Nc6 3.Bb5 a6 4.Ba4 Nf6 5.O-O Be7 6.Re1 b5 7.Bb3 d6 8.c3 O-O
9.h3 Nb8 10.d4 Nbd7 11.Nbd2 Bb7 12.Bc2 Re8 13.Nf1 Bf8 14.Ng3 g6 15.Bg5 h6
16.Bd2 exd4 17.cxd4 c5 18.d5 Nb6 19.b3 Nfd7 20.h4 h5 21.Ng5 Bg7 22.Rc1 b4
23.Nf1 Ne5 24.Nh2 Bc8 25.Be3 a5 26.f4 Ng4 27.Nxg4 Bxg4 28.Qd3 a4 29.Bd1 Bxd1
30.Qxd1 axb3 31.axb3 Ra2 32.Kh1 Nd7 33.Bg1 Qf6 34.Rf1 Qb2 35.Rf2 Qa3 36.Rxa2 Qxa2
37.e5 dxe5 38.Ra1 Qb2 39.Ra7 Rd8 40.Ne6 fxe6 41.dxe6 exf4 42.e7 Re8 43.Qxd7  1-0

[Event "Chess Classic ELO Open 2013"]
[Site "Baden-Baden GER"]
[Date "2013.02.11"]
[Round "5.2"]
[White "Iordachescu,V"]
[Black "Sanikidze,T"]
[Result "1/2-1/2"]
[WhiteElo "2610"]
[BlackElo "2553"]

1.e4 e5 2.Nf3 Nc6 3.Bb5 a6 4.Ba4 Nf6 5.O-O Be7 6.Re1 b5 7.Bb3 d6 8.c3 O-O
9.h3 Nb8 10.d4 Nbd7 11.Nbd2 Bb7 12.Bc2 Re8 13.a4 Bf8 14.Bd3 c6 15.b3 g6 16.Bb2 Bg7
17.Qc2 Nh5 18.Rad1 Nf4 19.Bf1 Qe7 20.c4 bxa4 21.c5 axb3 22.Nxb3 dxc5 23.dxe5 Nxe5
24.Bxe5 Bxe5 25.Nxe5 Qxe5  1/2-1/2

[Event "Horodok-800 years IM"]
[Site "Horodok UKR"]
[Date "2013.02.13"]
[Round "4"]
[White "Vetoshko,V"]
[Black "Chulivska,V"]
[Result "1/2-1/2"]
[WhiteElo "2277"]
[BlackElo "2253"]

1.e4 e5 2.Nf3 Nc6 3.Bb5 a6 4.Ba4 Nf6 5.O-O b5 6.Bb3 Be7 7.Re1 O-O 8.c3 d6
9.h3 Nb8 10.d4 Nbd7 11.Nbd2 Bb7 12.Bc2 c5 13.Nf1 Re8 14.Ng3 Bf8 15.dxe5 dxe5
16.Nf5 Qc7 17.Nh2 c4 18.Qf3 Qc6 19.Bg5 h6 20.Bxf6 Nxf6 21.Ng4 Nxg4 22.hxg4 Rad8
23.Rad1 Bc5 24.g3 Qf6 25.Kg2 Qg5 26.b4 Bb6 27.Nd6 Re7 28.Nxb7 Rxb7 29.Rd5 Re7
30.Red1 Re6 31.Rxd8+ Bxd8 32.Rd7 Qf6 33.Qd1 Bb6 34.Qd2 Qg6 35.f3 Qf6 36.a4 Re8
37.a5 Bd8 38.f4 exf4 39.gxf4 Qh4 40.Bd1 Be7 41.Bf3 Rd8 42.Rxd8+ Bxd8 43.e5 Qe7
44.Qd5 g5 45.f5 Bc7 46.Qa8+ Qf8 47.Qxa6 Qd8 48.Qa8 Qxa8 49.Bxa8 Bxe5 50.a6 Bxc3
51.Bc6 Bd4 52.Bxb5 c3 53.Ba4 Kg7 54.Kf3 Kf6 55.Ke4 Bf2 56.Bc2 Ke7 57.Kd5 f6
58.Ba4 c2 59.Bxc2 Kd7 60.Be4 Be3 61.b5 Bf2 62.Bd3 Bg1 63.Be2 Bf2 64.Bd1 Bg1
65.Ba4 Kc7 66.Ke6 Bd4 67.a7 Kb7 68.b6 Bxb6 69.Kxf6 Bxa7 70.Kg6 Kc7 71.f6 Bc5
72.f7 Bf8 73.Kh7 h5 74.Kg8 hxg4 75.Kxf8 g3 76.Kg8 g2 77.f8=Q g1=Q 78.Qe7+ Kb6
79.Qb4+ Kc7 80.Qc4+ Kd6 81.Bb3 g4 82.Qe6+ Kc5 83.Qc4+ Kd6 84.Qf4+ Kc5 85.Qb8 Qe1
86.Qc7+ Kb4 87.Qc4+ Ka5 88.Qc5+ Ka6 89.Bc4+ Kb7 90.Bd5+ Ka6 91.Qc6+ Ka5 92.Qc5+ Ka6
93.Bc4+ Kb7 94.Kf7 g3 95.Bd5+ Ka6 96.Qc6+ Ka5 97.Qc7+ Kb4 98.Qb6+ Ka4 99.Qa6+ Kb4
100.Qb6+ Ka4 101.Qb3+ Ka5 102.Qa3+ Kb5 103.Qb3+ Ka5 104.Qa3+  1/2-1/2

[Event "ch-CUB Men Final 2013"]
[Site "Santa Clara CUB"]
[Date "2013.02.13"]
[Round "7.2"]
[White "Diaz,Rid"]
[Black "Bacallao Alonso,Y"]
[Result "1/2-1/2"]
[WhiteElo "2306"]
[BlackElo "2543"]

1.e4 e5 2.Nf3 Nc6 3.Bb5 a6 4.Ba4 Nf6 5.O-O Be7 6.Re1 b5 7.Bb3 d6 8.c3 O-O
9.h3 Nb8 10.d4 Nbd7 11.Nbd2 Bb7 12.Bc2 Re8 13.a4 Bf8 14.Bd3 c6 15.b3 g6 16.Ba3 Nh5
17.Qc2 Nf4 18.Bf1 Qc7 19.dxe5 dxe5 20.Bxf8 Rxf8 21.b4 Ne6 22.Qb2 Nb6 23.axb5 cxb5
24.c4 Nxc4 25.Nxc4 bxc4 26.Qxe5 Qxe5 27.Nxe5 c3 28.Rac1 a5 29.Rxc3 axb4 30.Rc4 b3
31.Rb4 Nc5 32.Nd3 Ra4 33.Rb5 Nxd3 34.Bxd3 Ba6 35.Rxb3 Bxd3 36.Rxd3 Re8 37.f3 Rb8
38.Red1 Rb2 39.R3d2 Raa2 40.Rxb2 Rxb2 41.h4 h5 42.Kh2 Kg7 43.Kh3 Kf6 44.Rd5 Rb1
45.g4 hxg4+ 46.Kxg4 Rg1+ 47.Kf4 Rh1 48.Kg3 Ke6 49.Ra5 Kf6 50.Kg4 Rg1+ 51.Kf4 Rh1
52.Ra6+ Kg7 53.Kg3 Kf8 54.Ra2 Kg7 55.Rh2 Rg1+ 56.Kf4 Kh6 57.Rh3 Rg2 58.Rh1 Ra2
59.Kg3 Rb2 60.Rd1 Ra2 61.Rd7 Kg7 62.e5 Re2 63.f4 Re1 64.h5 gxh5 65.Kh4 Kf8
66.Kxh5 Rg1 67.f5 f6  1/2-1/2

[Event "77th ch-BUL SF 2013"]
[Site "Plovdiv BUL"]
[Date "2013.02.14"]
[Round "5.1"]
[White "Vutov,M"]
[Black "Janev,T"]
[Result "0-1"]
[WhiteElo "2347"]
[BlackElo "2418"]

1.e4 e5 2.Nf3 Nc6 3.Bb5 a6 4.Ba4 Nf6 5.O-O Be7 6.Re1 b5 7.Bb3 O-O 8.h3 d6
9.c3 Nb8 10.d4 Nbd7 11.Nbd2 Bb7 12.Bc2 Re8 13.Nf1 Bf8 14.Ng3 g6 15.a4 c5
16.d5 c4 17.Be3 Nc5 18.Qd2 Nfd7 19.Bh6 Bxh6 20.Qxh6 Re7 21.Nh2 Qf8 22.Qxf8+ Kxf8
23.axb5 axb5 24.Rxa8+ Bxa8 25.Ra1 Re8 26.Ra5 Bb7 27.Ng4 Ba6 28.Ne3 Rb8 29.Ne2 Ke7
30.f3 Kd8 31.Kf2 Kc7 32.Nd1 Nb6 33.Ra2 Bc8 34.h4 f5 35.g3 fxe4 36.fxe4 Bg4
37.Ra7+ Nb7 38.Ne3 Rf8+ 39.Ke1 Bc8 40.Ng1 Nd7 41.Ra6 Nb8 42.Ra1 Nc5 43.Ke2 Nbd7
44.Nf3 Nf6 45.Nd2 Nh5 46.Ndf1 Kb6 47.Rd1 Ba6 48.Ra1 b4 49.cxb4 Nb3 50.Bxb3 cxb3+
51.Ke1 Rf3 52.Rc1 Nxg3 53.Nxg3 Rxe3+ 54.Kf2 Rd3 55.Nf1 Bb5 56.Re1 Rh3 57.Nd2 Rh2+
58.Ke3 Rxh4 59.Nf3 Rg4 60.Rc1 Rg2  0-1